| 000 | 00984ncm a2200289 c 4500 | ||
|---|---|---|---|
| 999 |
_c350576 _d350576 |
||
| 003 | BLK | ||
| 005 | 20200401171613.0 | ||
| 008 | 180414b bul |a|er|||| |0| c|bulo| | ||
| 010 | _aNOT00004115000 | ||
| 040 | _aBLK | ||
| 041 |
_aBUL _cBUL |
||
| 080 |
_aДуо за две цигулки _b785.72:787.1 _z785.72:787.1 |
||
| 100 |
_aПанчев, Владимир Симеонов _eпърви автор _9389129 |
||
| 139 |
_aПанчев, Владимир Симеонов _bП 20 |
||
| 245 | 1 | 0 |
_aПартита за две цигулки _bВ осем части _cВладимир Симеонов Панчев. |
| 257 | _aBGR | ||
| 260 |
_bНаука и изкуство _c1983 _aСофия |
||
| 300 |
_a44 с. _c33 см |
||
| 380 | _a7 | ||
| 650 | 4 |
_aЦигулки _9177310 |
|
| 653 | _aдве цигулки | ||
| 852 |
_aЦб М ІІ 9088 _p0 |
||
| 856 | 4 |
_qpdf _u |
|
| 856 | 4 |
_qpdf _u |
|
| 942 |
_cNOT _n0 _s1 |
||
| 944 |
_aCR _c09.10.2017 _kИрена_Линкова |
||
| 944 |
_aED _c09.10.2017 _kИрена_Линкова |
||
| 999 | _d350576 | ||
| 999 | _d322078 | ||